01223nam a22002055i 4500001000700000003000900007005001700016008004100033040003000074100003900104245010600143260005100249300005800300597002200358599002500380651008300405852038300488999001900871952012700890154285ES-MaACL20250730153548.0011010s1788 fr af |||| | fre d aCCPB | B bspa cCCPB | B1 aGenty, Louis (d1743-1817)915404512aL'influence de la découverte de l'Amérique sur le bonheur du genre-humain / cpor L'abbé Genty. aA Paris : bchez Nyon l'ainé & fils, c1788. aX, 352 p., [1] h. de grab., [1] h. de map. ; c20 cm. aSign.: []4, A-Y8. aLa h. de grab. calc. 4aAmérica española-xHistoria-y1492-1600 (Descubrimiento y conquista)97724 aES-MaACLjR-1450 z-- Enc. perg. q-- Falto de la h. de grab., únicamente tiene la h. de map. pleg. calc.: "Nouvelle carte des parties occidentales du monde, servant à indiques les navigations découvertes et etablissements des hollandois en Amerique", "Gravé par Lattré" x-- Edic.: corregir en tit. "influence" no "influencia" x Olim: G-15591 c154285d154285 001040708LIBXVIIIaATENEOMbATENEOMcDEPOd2008-01-17eSSCl0oR-1450p1161335r2023-02-23 00:00:00w2023-02-23yMONANT